Every Overwatch Esports Legendary Skin - Statistics

General Stats
  • This quiz has been taken 3 times
  • The average score is 13 of 58
Answer Stats
Hero Skin % Correct
Sombra Midas
100%
Ember
67%
Brigitte Goat
67%
Moira Happi
67%
Zenyatta MM-Mei
67%
Bastion Pirate Ship
67%
Rock Climber
67%
Ana Royal Knight
67%
2018 Atlantic All-Stars
33%
Sojourn 2018 Pacific All-Stars
33%
Mercy 2019 Atlantic All-Stars
33%
2019 Pacific All-Stars
33%
2020 Atlantic All-Stars
33%
2020 Pacific All-Stars
33%
Zarya Alien
33%
Lúcio Ange de la Mort
33%
Biker: 76
33%
Wuyang Clockwork
33%
Roadhog Crimson Knight
33%
Winston Good and Evil
33%
Genji Haroeris
33%
Luchador
33%
Hanzo Solaris
33%
Solaris
33%
Solaris
33%
D.Va Thunder
33%
Water Warrior
33%
Wicked
33%
Wicked Reign
33%
Juno Zen-Nakji
33%
Reaper Zhulong
33%
Azure Flame
0%
Chained King
0%
Charged Climber
0%
Echo Cosmic
0%
Cosmic
0%
Cosmic
0%
Cosmic
0%
Cosmic
0%
Cosmic
0%
Cosmic
0%
Cosmic
0%
Soldier: 76 Crimson Summer
0%
Reinhardt Dallas Summer
0%
Elysian Keeper
0%
Lifeweaver Flying Ace
0%
Fuel Biker: 76
0%
Lion Luchador
0%
Mayhem Biker: 76
0%
Neon Streets
0%
Widowmaker Radiant Angel
0%
Reigning Climber
0%
Mei Royal Gladiator
0%
Doomfist Scarlet Angel
0%
Scarlet Ember
0%
Scarlet Flare
0%
Tracer Shanghai Summer
0%
Freja Tiger Luchador
0%
No matching quizzes found
Score Distribution
Percent of People with Each Score
Percentile by Number Answered
Your Score History
You have not taken this quiz